| 000 | 00535nam a2200169 a 4500 | ||
|---|---|---|---|
| 001 | 000017511 | ||
| 005 | 20200929165134.0 | ||
| 008 | 100326s19uu dr a 000 0 spa d | ||
| 040 |
_aDO-SdBNP _bspa _cBNPHU |
||
| 082 |
_axxx _bA526m |
||
| 100 | 1 |
_aAmparo, José M. _938239 |
|
| 245 | 1 | 0 |
_aManual de mecánica automotriz y diesel : _bpara profesiones técnico-mecánico / _cJosé M. Amparo. |
| 260 |
_a[Santo Domingo] : _b[s.n.], _c[19--?]. |
||
| 300 |
_a337 p. : _bil. ; _c27 cm. |
||
| 504 | _aIncluye bibliografías [p. | ||
| 049 | _aBNPD | ||
| 999 |
_c17036 _d17036 |
||